| 000 | 01189nam a22003257a 4500 | ||
|---|---|---|---|
| 003 | CHAP | ||
| 005 | 20220329134618.0 | ||
| 008 | 971013s1976 r 00010 d | ||
| 010 | _a23008 | ||
| 011 | _a23980 | ||
| 035 | _a28077 | ||
| 040 | _cCHAP | ||
| 082 |
_a338.14 _bD8Y |
||
| 100 | 0 | 0 |
_aDurston, John W. _934741 |
| 245 | _aOrganización social de los mercados campesinos en el centro de Michoacán | ||
| 260 |
_aMéxico, D.F. : _bInstituto Nacional Indigenista, _c1976 |
||
| 300 |
_a377 p. _b: láms. ; gráfs. |
||
| 490 |
_aColección SEP-INI. Serie antropología social _v; 49 |
||
| 590 |
_aBATCH-UPD _b10 _c20130110 _lUCH01 _h1716 |
||
| 590 |
_aBATCH-UPD _b10 _c20130410 _lUCH01 _h1101 |
||
| 590 |
_aBATCH-UPD _b10 _c20130914 _lUCH01 _h0827 |
||
| 590 |
_aCONVERSION _b10 _c20130109 _lUCH01 _h1313 |
||
| 650 | 1 | 4 |
_aCampesinado _xMichoacán. _918024 |
| 650 | 1 | 4 |
_aProductos agrícolas _xMercadeo _xMichoacán. _991977 |
| 830 | 0 |
_aColección SEP-INI. Serie antropología social _v; 49 _924981 |
|
| 901 | _aBK | ||
| 942 | _cLIBRO | ||
| 949 |
_a338.14 D8Y _bBC _cLIBRO _d33724000153052 _eLIBRO _fc.2 _h53934 _i28077 _si |
||
| 949 |
_a338.14 D8Y _bBC _cLIBRO _d33724000153060 _eLIBRO _h53933 _i28077 _si |
||
| 999 |
_c23008 _d23008 |
||